00833nam a2200193 a 450000100100000000500170001000800410002702000180006804000250008608200240011110000560013524501300019124600830032126000960040430000430050065000220054365000250056565000490059000002081720240515114421.0100818s2007 xxubd 000 0 spa d z9788484763222 aDO-SdBNPbspacBNPHU a303.44bP964i, 20071 aPrograma de las Naciones Unidas para el Desarrollo.10aInforme sobre desarrollo humano 2007-2008 :bla lucha contra el cambio climático: solidaridad frente a un mundo dividido /.23aLa lucha contra el cambio climático:bsolidaridad frente a un mundo dividido aNew York :bPrograma de las Naciones Unidas para el Desarrollo:bGrupo Mundi-Prensa,c2007. axvi, 386 p. :bmapa. ; diag. ;c28 cm. 4aDesarrollo humano 0aCambios climáticos 4aEfectos de la contaminación sobre el clima